ਅਨੁਵਾਦ ਅਤੇ ਮੌਖਿਕ ਅਣਵਾਦ ਕਲਾ / Anuvaad ate Maukhik Anuvaad kala (Record no. 1464798)

MARC details
000 -LEADER
fixed length control field 00871 a2200217 4500
005 - DATE AND TIME OF LATEST TRANSACTION
control field 20251118113815.0
008 - FIXED-LENGTH DATA ELEMENTS--GENERAL INFORMATION
fixed length control field 251118b |||||||| |||| 00| 0 eng d
020 ## - INTERNATIONAL STANDARD BOOK NUMBER
International Standard Book Number 8187654287 (pbk)
037 ## - SOURCE OF ACQUISITION
Terms of availability TB
040 ## - CATALOGING SOURCE
Original cataloging agency CRL
Transcribing agency CRL
041 ## - LANGUAGE CODE
Source of code pun
Language code of text/sound track or separate title pun
084 ## - COLON CLASSIFICATION NUMBER
Classification number P:795 153Q4;R2
Assigning agency CRL
100 ## - MAIN ENTRY--PERSONAL NAME
Personal name ਕੌਰ, ਜਸਪਾਲ / Kaur, Jaspal
9 (RLIN) 848511
245 ## - TITLE STATEMENT
Title ਅਨੁਵਾਦ ਅਤੇ ਮੌਖਿਕ ਅਣਵਾਦ ਕਲਾ / Anuvaad ate Maukhik Anuvaad kala
260 ## - PUBLICATION, DISTRIBUTION, ETC.
Place of publication, distribution, etc. Delhi, India:
Name of publisher, distributor, etc. Manpreet Prakashan;
Date of publication, distribution, etc. 2022.
365 ## - TRADE PRICE
Price amount 580.00
Currency code INR
650 ## - SUBJECT ADDED ENTRY--TOPICAL TERM
Source of heading or term ਪੰਜਾਬੀ ਭਾਸ਼ਾ
650 ## - SUBJECT ADDED ENTRY--TOPICAL TERM
Source of heading or term ਅਨੁਵਾਦ ਕਲਾ
942 ## - ADDED ENTRY ELEMENTS (KOHA)
Koha item type Textbook
Source of classification or shelving scheme Colon Classification (CC)
Suppress in OPAC No
Classification part P:795 153Q4;R2
Holdings
Withdrawn status Lost status Source of classification or shelving scheme Damaged status Not for loan Home library Current library Date acquired Source of acquisition Cost, normal purchase price Inventory number Total Checkouts Full call number Barcode Date last seen Date last checked out Cost, replacement price Price effective from Koha item type Date due
    Colon Classification (CC)     Central Library Arts Library 2025-10-30 H.K. Prakashan 464.00 1868/ 24-10-2025 1 P:795 153Q4;R2 CL1924365 2026-03-18 2026-02-11 580.00 2025-10-30 Textbook  
    Colon Classification (CC)     Central Library Arts Library 2025-10-30 H.K. Prakashan 464.00 1868/ 24-10-2025 6 P:795 153Q4;R2 CL1924366 2026-04-30 2026-04-30 580.00 2025-10-30 Textbook 2026-05-30
    Colon Classification (CC)     Central Library Arts Library 2025-10-30 H.K. Prakashan 464.00 1868/ 24-10-2025 2 P:795 153Q4;R2 CL1924367 2026-04-16 2026-04-16 580.00 2025-10-30 Textbook 2026-04-30
    Colon Classification (CC)     Central Library Arts Library 2025-10-30 H.K. Prakashan 464.00 1868/ 24-10-2025 1 P:795 153Q4;R2 CL1924368 2026-02-12 2026-02-12 580.00 2025-10-30 Textbook 2026-02-26
    Colon Classification (CC)     Central Library Arts Library 2025-10-30 H.K. Prakashan 464.00 1868/ 24-10-2025 1 P:795 153Q4;R2 CL1924369 2026-02-26 2026-02-24 580.00 2025-10-30 Textbook  
Copyright @ Delhi University Library System